Normal view
MARC view
Entry Topical Term
001 - CONTROL NUMBER
- control field: 60069
003 - CONTROL NUMBER IDENTIFIER
- control field:
005 - DATE AND TIME OF LATEST TRANSACTION
- control field: 20241010103520.0
008 - FIXED-LENGTH DATA ELEMENTS
- fixed length control field: 241010|| aca||aabn | a|a d
040 ## - CATALOGING SOURCE
- Original cataloging agency:
- Transcribing agency:
150 ## - HEADING--TOPICAL TERM
- Topical term or geographic name entry element: Philosophy, Modern
- Form subdivision: History
670 ## - SOURCE DATA FOUND
- Source citation: Work cat.: ()20568: WILLEY, Basil 1897 aut 41444, The Seventeenth Century Background : , 1957
